000 00264nam a22001217a 4500
999 _c533613
_d533613
020 _a184916343X
040 _cdlc
082 _a839.738
100 _aStieg Larsson
_927570
245 _aThe Girl Who Kicked the Hornets' Nest
300 _a822p
942 _2ddc
_cBK